| 000 | 00981nam a2200301Ia 4500 | ||
|---|---|---|---|
| 001 | Z_1499 | ||
| 003 | CHAP | ||
| 008 | 220113s1988 xx 000 0 und d | ||
| 010 | _a164588 | ||
| 040 | _cCHAP | ||
| 090 | _aTesis L 776 | ||
| 100 |
_aLagunas Brito, Jorge _964456 |
||
| 245 |
_aUso de cal apagada (Ca(OH)2) como posible control del vómito negro originado por el consumo de harina de pescado sobrecalentada en pollos de engorda / _cpor Jorge Lagunas Brito |
||
| 260 |
_aChapingo, Méx. : _bEl autor, _c1988 |
||
| 300 | _a36 h. ; gráfs. | ||
| 502 | _aTesis (Ing. Agr. Esp. en Zootecnia) -- UACH. Departamento de Zootecnia | ||
| 650 |
_aAves de corral _xEnfermedades _98646 |
||
| 650 |
_aAves de corral _xEngorda _98647 |
||
| 650 |
_aCalcio en nutrición animal _917340 |
||
| 650 |
_aHarina de pescado _952722 |
||
| 650 |
_at: Vómito negro _9138661 |
||
| 901 | _aTESIS L 776 | ||
| 902 | _aM | ||
| 910 | _a1988 | ||
| 942 | _c2 | ||
| 942 | _c2 | ||
| 999 |
_c164588 _d164588 |
||